Les 15 races chiens les plus achetés en France en 2021 - Statistiques

Statistiques générales
  • Ce quiz a été pris 427 fois
  • Le résultat moyen est 7 sur 20
Statistiques - réponses
Nombre d'adoption en 2020 Réponse % Correct
9 785 Berger allemand
86%
7 813 Retriever du Labrador
85%
12 060 Golden Retriever
76%
16 782 Berger australien
72%
12 221 Staffordshire Bull Terrier
62%
5 185 Chihuahua
60%
4 129 Husky de Sibérie
51%
5 572 Bouledogue Francais
45%
6 536 Beagle
37%
3 664 Teckel
37%
12 144 Chien de berger belge
34%
6 036 Cocker Spaniel Anglais
34%
6 827 Cavalier King Charles
20%
5 198 Épagneul Breton
20%
6 046 Setter Anglais
10%
3 488 Shih tzu
6%
3 555 Yorckshire Terrier
6%
3 428 Spitz Allemand
2%
8 206 Staffordshire Terrier Américain
1%
5 055 Chien de Cour Italien
0%
Aucun quiz correspondant
Distribution des résultats
% des personnes avec chaque résultat
Percentile par nombre de réponses
Votre historique - résultats
Vous n’avez pas pris ce quiz